| 000 | 00920nam a22003017i 4500 | ||
|---|---|---|---|
| 003 | EG-GICUC | ||
| 005 | 20260121101651.0 | ||
| 008 | 260106s1996 be ||||fr||| 00|10 fre d | ||
| 020 | _a2802708003 | ||
| 040 |
_aEG-GiCUC _cEG-GiCUC _dEG-GiCUC _eRda _bfre |
||
| 041 | _afre | ||
| 082 | 0 | 4 |
_221 _a341.33 _bSA . M |
| 092 | 0 | 4 | _221 |
| 099 | _aLaw1 11 341.33 SA . M 1996 | ||
| 100 | 1 |
_aSalmon, Jean. _eAuteur |
|
| 245 | 1 | 0 |
_aManuel De Droit Diplomatique / _cJean Salmon. |
| 264 | 1 |
_aBelgique-Bruxelles : _bBruylant، _c1996. |
|
| 300 |
_a678 page ; _c 24 cm. |
||
| 336 |
_2rda contenu _a texte |
||
| 337 |
_2rda medias _aOrdinateur |
||
| 338 |
_2 transporteur rda _a Ressource en ligne |
||
| 504 | _aInclude index | ||
| 546 | _aTexte en français | ||
| 650 | 1 | 4 |
_aDiplomatie _xDroit international public |
| 856 | 4 | 0 | _uhttps://fll.law.cu.edu.eg/fulltext/bks/B11-06835.pdf |
| 905 | _a75 | ||
| 942 |
_2ddc _cBK _e21 _n0 |
||
| 999 |
_c54757 _d54757 |
||